Greatest Enemies of Germany - Statistics

General Stats
  • This quiz has been taken 47 times
  • The average score is 15 of 16
Answer Stats
Hint Enemy % Correct
Germany invaded this country in WWI (and in WWII too) Belgium
100%
...and this nordic kingdom also was a great threat for German people, and invaded it Norway
100%
In WWII, it came that this eastern neighbor is a biggest threat and enemy for German people, so Germany invaded it Poland
100%
Prussia defeated this Habsburg's empire to reunite Germany Austria
98%
Germany allegedly supported the Revolution in this country to defeat it Russia
98%
...and this 'plutocratic kingdom' is also the biggest threat for German people, so Germany bombed it United Kingdom
98%
...as much as this kingdom on Jutland and Zealand, so Germany invaded it Denmark
95%
The victory over this country gave rise to the reunified German Empire France
95%
...this plutocratic monarchy also was the threat for Germans, so Germany invaded it Netherlands
95%
...this 'Bolshevist tyranny' also was a big threat for German people, so Germany invaded it too Soviet Union
95%
...this Slavic kingdom also became a big threat for German people Yugoslavia
93%
...and this Balkan kingdom also became a great threat for German people (when Italy lose to it) Greece
91%
...even this grand duchy was a hindrance for German people Luxembourg
91%
For Hitler, this country was a hindranse to unite German people Czechoslovakia
88%
...this 'plutocracy' with mixed nations also was a big threat for German people, so Germany fought it United States
88%
....but it came out that the biggest threat for German people was this party The Nazis
67%
No matching quizzes found
Score Distribution
Percent of People with Each Score
Percentile by Number Answered
Your Score History
You have not taken this quiz